000 00820nam a2200253 a 4500
001 60272
003 BD-RjUL
005 20211209080824.0
008 161229s2011 bg a|||| s||| 00| 0 eng d
020 _a984508981X
_c: Complimentary
035 _a(BD-RjUL)60396
040 _aBD-RjUL
_beng
_cBD-RjUL
041 _aeng
082 _223
_a630.95492021
_bRAJ 2011 (ZS)
110 _aBangladesh Bureau Of Statistics.
_9179266
245 1 0 _aCensus of agriculture, 2008 :
_bZila Series, Rajbari /
_cBangladesh Bureau of Statistics
260 _aDhaka :
_bBBS,
_c2011.
300 _axvi, 260 p. :
_bill. ;
_c28 cm.
490 _aZila series, Rajbari
500 _aChiefly statistical tables
650 _aAgriculture
_zBangladesh
_zRajbari
_vStatistics.
_9179384
830 _aZila series, Rajbari
_9179385
942 _2ddc
_cRAR
999 _c60272
_d60272